000 00495nam a2200181 4500
999 _c4229
_d4229
008 200727b ||||| |||| 00| 0 eng d
020 _cRs.25.00
041 0 _ahin
082 0 0 _a891.43
_bM6843
100 _93451
_aMitra, Bimal
245 1 0 _aRag bhairav (novel) /
_cby Bimal Mitra
245 1 0 _aराग भैरव /
_cबिमल मित्र
260 _aDelhi :
_bSanmarg prakashan,
_c1986.
300 _a123 p.
365 _bINR 25.00
650 0 _aHindi fiction
942 _2ddc
_cBK